Hodnotenie pracovného výkonu zamestnancov v podnikoch na Slovensku – výsledky výskumu 2006-2008

Tím z Fakulty podnikového manažmentu Ekonomickej univerzity v Bratislave sa už od roku 2001 zaoberá monitorovaním situácie v oblasti ľudských zdrojov v slovenských podnikoch. Uverejnené závery a zistenia vyplývajú z dotazníkového prieskumu, realizovaného v období 2006 - 2008, a opisujú hodnotenie za...

Ausführliche Beschreibung

Gespeichert in:
Bibliographische Detailangaben
1. Verfasser: Vaďurová, Zuzana
Format: Buchkapitel
Sprache:Slowakisch
Schlagworte:
Tags: Tag hinzufügen
Keine Tags, Fügen Sie das erste Tag hinzu!

MARC

LEADER 00000nla$a2200000$$$4500
001 0093766
005 20240502083237.1
041 0 |a slo 
044 |a CZ 
245 1 0 |a Hodnotenie pracovného výkonu zamestnancov v podnikoch na Slovensku – výsledky výskumu 2006-2008  |c Zuzana Vaďurová 
520 |a Tím z Fakulty podnikového manažmentu Ekonomickej univerzity v Bratislave sa už od roku 2001 zaoberá monitorovaním situácie v oblasti ľudských zdrojov v slovenských podnikoch. Uverejnené závery a zistenia vyplývajú z dotazníkového prieskumu, realizovaného v období 2006 - 2008, a opisujú hodnotenie zamestnancov a jeho vývoj v slovenských podnikoch za sledované obdobie. 
610 2 0 |a riadenie ľudských zdrojov 
610 2 0 |a zamestnanci 
610 2 0 |a výkony pracovné 
610 2 0 |a hodnotenie pracovné 
610 2 0 |a podnik 
610 2 0 |a Slovensko 
610 2 0 |a výskum 
100 1 |a Vaďurová, Zuzana